000 00829nam a22002177a 4500
005 20240530110549.0
008 160618s2011 ua a|||f |||| 00| 0 ara d
017 _a2011/17418
020 _a9772214548
040 _aEG-CaGPL
082 0 4 _a932
_bق/ع ث
_221
100 0 _aعبدالعزيز جمال الدين
245 1 0 _aثورات المصريين حتى العصر المقريزى :
_b[بحث شامل مزود بلوحات تاريخية] /
_cعبدالعزيز جمال الدين.
250 _aط. 1.
260 _aالقاهرة :
_bدار الثقافة الجديدة،
_c2011.
300 _a308 ص. :
_bايض. ؛
_c24 سم.
651 0 4 _aمصر القديمة
_xتاريخ
651 0 4 _aمصر
_xتاريخ
_yالعصر الاسلامى
942 _2ddc
_cBK
999 _c62419
_d62419